00921nam a2200277Ia 450000500170000000800370001702000180005404100080007208200140008010000180009424500430011225000180015530000250017349000200019865000270021865000400024565000510028594200120033626400290034833600270037733700330040433800280043704000350046599900150050095201280051520220317001811.0170328s2013 m g 000 0 s a9786074630824 aspa04a028bA75c1 aArmida, Pilar10a101 llaves de la lecturacPilar Armida a1a. edición a119 páginasc20 cm aPlan de lectura142LEMBaConducta lectora142LEMBaLibros y lectura para niños142LEMBaActividades de promoción de la lectura 2ddccBK aMéxicobCastilloc2013 atextobtxt2rdacontent asin mediaciónbn2rdamedia avolumenbnc2rdacarrier aCO-BoRNBPbspaerdacCO-BoRNBP c8138d8138 00102ddc40708GENaMELAJULIbMELAJULIcGENd2025-10-14l0o028 A75cpJUL00053r2025-10-14 15:54:20tEj.1w2025-10-14yBK